PTV stations starting with ‘B’ - Statistics

General Stats
  • This quiz has been taken 10 times
  • The average score is 9 of 17
Answer Stats
Answer % Correct
Belgrave
100%
Boronia
100%
Balaclava
67%
Batman
67%
Bayswater
67%
Beaconsfield
67%
Bell
67%
Berwick
67%
Brighton Beach
67%
Broadmeadows
67%
Bentleigh
33%
Blackburn
33%
Box Hill
33%
Brunswick
33%
Burnley
33%
Burwood
33%
Bonbeach
0%
No matching quizzes found
Score Distribution
Percent of People with Each Score
Percentile by Number Answered
Your Score History
You have not taken this quiz